Elements of general linguistics

Kaydedildi:
Detaylı Bibliyografya
Yazar: Martinet, André
Materyal Türü: Kitap
Dil:Undetermined
Baskı/Yayın Bilgisi: Chicago, Estados Unidos University of Chicago Press 1960
Konular:
Etiketler: Etiketle
Etiket eklenmemiş, İlk siz ekleyin!

MARC

LEADER 00000nam a2200000Ia 4500
008 170316s9999 xx 000 0 und d
090 |a 410 M-11elm 
100 |a Martinet, André 
245 |a Elements of general linguistics 
260 |a Chicago, Estados Unidos 
260 |b University of Chicago Press 
260 |c 1960 
300 |a 205 páginas 
650 |a LINGÜÍSTICA 
999 |c 18581  |d 18581 
040 |a cru BVZT 
942 |c 15 D  |h 410 M-11elm  |2 z